00830nam a2200205 a 4500001001000000003000500010005001700015008004100032010001100073011001100084040000900095100002600104245013200130260004100262500006000303502009000363650004600453650005500499856007000554000112959CHAP20220329144330.0170227s2016 mx sm |||||||spa d a109420 a110392 cCHAP1 aRuiz Ortega, Maricela10aPolimorfismos de Hsp y BoLA en las razas Jersey y criollo lechero tropical de Méxicoh[En línea]cpor Maricela Ruiz Ortega. aChapingo, Méx. :bEl autor,c2016. aPara ver el contenido del material haga clic en la liga aTesis (Ph.D. en Ciencias en Innovación Ganadera) -- UACH. Departamento de Zootecnia14aGanado vacunoxPolimorfismos genéticos.14aGanado vacunoxTemperatura corporalxRegulación. aFinding aiduhttp://10.13.5.2/tesis/sist112959.pdfzTeclea aquí